000 00480cam a2200181ua 4500
001 6100
008 131120n ii |||gr||||Z||||||eng
020 _a0-7069-9898-7
040 _cMAIN
082 _a658.1511
245 _aEssentials Of Management Accounting
_cBy I .M. Pandey
260 _aNew Delhi:
_bVikas Publishing House Pvt LTD,
_c1995.
300 _axiii,375p.
653 _aCommerce
653 _aManagement Accounting
700 _aPandey,I.M.,
_eAuthor.
942 _cBK
999 _c5253
_d5253